Belo Horizonte: regional Barreiro (Record no. 189626)

MARC details
000 -LÍDER
campo de controle de tamanho fixo 00425 a2200169 4500
001 - NÚMERO DE CONTROLE
campo de controle 189626
020 ## - ISBN - INTERNATIONAL STANDARD BOOK NUMBER
ISBN - International Standard Book Number
040 ## - FONTE DA CATALOGAÇÃO
Instituição que transcreveu o registro Magnum
100 ## - ENTRADA PRINCIPAL--NOME PESSOAL
Nome pessoal Ribeiro, Raphael Rajão
240 10 - TÍTULO UNIFORME
Título uniforme Belo Horizonte: regional Barreiro
Idioma da obra por
245 10 - TÍTULO
Título Belo Horizonte: regional Barreiro
300 ## - DESCRIÇÃO FÍSICA
Extensão 70
362 0# - DATAS DE PUBLICAÇÃO E/OU DESIGNAÇÃO SEQUENCIAL
Datas de publicação e/ou designação sequencial 2008
440 #1 - DECLARAÇÃO DE SÉRIE/ENTRADA ADICIONADA--TÍTULO
Título Arquivo Público da Cidade de Belo Horizonte
697 ## - ENTRADA DE ASSUNTO LOCAL--ENTIDADE COLETIVA (RLIN)
Nome corporativo ou nome da jurisdição LITERATURA INFANTO-JUVENIL
942 ## - ELEMENTOS DE ENTRADA ADICIONADOS (KOHA)
Tipo de material Koha Livros
Holdings
Situação do descarte Situação das perdas Situação física Não pode ser emprestado Biblioteca de origem Biblioteca atual Data de aquisição Total de empréstimos Número de chamada completo Código de barras Data de último acesso Data do preço efetivo Tipo de material Koha
        Magnum Magnum 08/06/2024   1.1.2.2 MAG00064876 08/06/2024 08/06/2024 Livros